Statystyki dla Państwa Ułusu Mongolskiego

Kliknij tutaj aby rozwiązać quiz!

Ogólne statystyki

  • Ten quiz został rozwiązany 68 razy
  • Średni wynik to 26 z 31

Statystyki odpowiedzi

nicPanstwa% Poprawnych
Chiny
98%
Rosja
98%
aMongolia
97%
Ukraina
95%
Indie
92%
Kazachstan
92%
Polska
92%
Białoruś
91%
Iran
91%
Turcja
91%
Irak
89%
Armenia
88%
Gruzja
88%
Kirgistan
88%
Korea Północna
88%
Korea Południowa
88%
Pakistan
88%
Afganistan
86%
Azerbejdżan
86%
Tadżykistan
86%
Turkmenistan
86%
Wietnam
84%
Uzbekistan
83%
Nepal
80%
Mołdawia
78%
Rumunia
77%
Laos
75%
Syria
75%
Mjanma
73%
Bhutan
72%
Serbia
41%

Rozkład punktacji

Percentyl według liczby udzielonych odpowiedzi

Procent ludzi z każdym wynikiem

Twoja historia wyników

Nie rozwiązałeś tego quizu